Statistics for Countries Most in Debt to China

Click here to take the quiz!

General Stats

  • This quiz has been taken 24 times
  • The average score is 3 of 10

Answer Stats

Debt-to-GDPUnfortunate Countries% Correct
27.1%Laos
73%
49.7%Congo
50%
34%Angola
45%
27%Zambia
41%
29.9%Kyrgyzstan
36%
40.3%Djibouti
32%
37.8%Maldives
32%
46.8%Equatorial Guinea
18%
29.4%Samoa
9%
30.2%Suriname
9%

Score Distribution

Percentile by Number Answered

Percent of People with Each Score

Your Score History

You have not taken this quiz